Statistics for High-performance/Luxury Sedans Quiz

Click here to take the quiz!

General Stats

  • This quiz has been taken 31 times
  • The average score is 13 of 22

Answer Stats

ManufactureCar% Correct
TeslaModel S P85+
96%
AudiS8
92%
AlpinaB7
92%
PorschePanamera Turbo S
92%
MaseratiQuattroporte
92%
Rolls-RoycePhantom Series II
88%
FiskerKarma
85%
Aston MartinRapide
81%
BentleyFlying Spur
73%
Maybach62 S
69%
JaguarXJ-R
65%
Mercedes-BenzS65 AMG
65%
VolkswagenPhaeton W12
62%
CadillacCTS-V
58%
BitterSC Sedan
27%
BrabusRocket 800
23%
Ferrari400i/412
23%
DuesenbergJ Murphy
19%
BMWM6 Gran Coupe
19%
LexusLS600h L
15%
Monteverdi375/4
8%
RUFRXL
4%

Score Distribution

Percentile by Number Answered

Percent of People with Each Score

Your Score History

You have not taken this quiz